000 00507nam a2200157Ia 4500
003 GCL
008 140319s9999 xx 000 0 ara d
040 _aGCL /
_cGCL
082 0 4 _a920.71
_bع ا
100 1 _aعبدالحليم عويس
245 1 0 _aابن حزم الاندلسى وجهودة فى البحث التاريخى /
_cعبدالحليم عويس
490 _a
650 0 4 _aابن حزم الاندلسى
650 0 4 _aابن حزم، ابومحمد على بن احمد
942 _2ddc
_cBK
999 _c45960
_d45960